EN BUSCA DE JESUCRISTO

Guardado en:
Bibliografiske detaljer
Institution som forfatter: Ramos, F.F
Format: Bog
Tags: Tilføj Tag
Ingen Tags, Vær først til at tagge denne postø!

MARC

LEADER 00000nam^a2200000^a^4500
001 000211607
005 20250521000000.0
009 20260310103427.659
035 |a 003269 
037 |a Acervo Xavier Clavigero 
082 |a 232. 4  |b RAM 
110 |a Ramos, F.F. 
245 1 0 |a EN BUSCA DE JESUCRISTO 
264 |a MADRID :  |b NARCEA, S.A.,  |c 1972 
336 |a texto  |b txt  |2 rdacontenido 
337 |a sin mediación  |b n  |2 rdamedio 
338 |a volumen  |b nc  |2 rdasoporte 
649 |a XX 
910 |a Fondo General 
920 |a Impresos - Libros 
930 |a Colección General 
905 |a 101 
901 |a 003269  |b IT1  |c ACC  |i 003269  |u 20250521 
902 |a https://opac.biblio.iteso.mx/vufind/Record/000211607